Online
Catalog

Significación histórica de la revolución de abril / (Record no. 45952)

MARC details
000 -CABECERA
campo de control de longitud fija 00703nam a2200169 a 4500
001 - NÚMERO DE CONTROL
campo de control 000046463
005 - FECHA Y HORA DE LA ÚLTIMA TRANSACCIÓN
campo de control 20240302073951.0
008 - DATOS DE LONGITUD FIJA--INFORMACIÓN GENERAL
campo de control de longitud fija 150817s2015 dr c 000 0 spa d
040 ## - FUENTE DE LA CATALOGACIÓN
Centro catalogador/agencia de origen DO-SdBNP
-- spa
Centro/agencia transcriptor BNPHU
082 ## - NÚMERO DE LA CLASIFICACIÓN DECIMAL DEWEY
Número de clasificación xxx
Número de documento/Ítem xxx
100 1# - ENTRADA PRINCIPAL--NOMBRE DE PERSONA
Nombre de persona Cassá, Roberto,
Fechas asociadas al nombre 1948-
9 (RLIN) 10888
245 10 - MENCIÓN DE TÍTULO
Título Significación histórica de la revolución de abril /
Mención de responsabilidad, etc. Roberto Cassá.
250 ## - MENCIÓN DE EDICIÓN
Mención de edición Edición especial
260 ## - PUBLICACIÓN, DISTRIBUCIÓN, ETC.
Lugar de publicación, distribución, etc. Santo Domingo :
Nombre del editor, distribuidor, etc. Editora Universitaria,
Fecha de publicación, distribución, etc. 2015.
300 ## - DESCRIPCIÓN FÍSICA
Extensión 31 p. :
Otras características físicas il., retrs. ;
Dimensiones 21 cm.
500 ## - NOTA GENERAL
Nota general Conferencia dictada por el profesor Roberto Cassá en ocasión del acto conmemorativo de la Revolución de Abril, organizada po el Departamento de Historia de la Facultad de Humanidades
Holdings
Estado de retiro Estado de pérdida No para préstamo Código de colección Localización permanente Ubicación/localización actual Ubicación en estantería Fecha de adquisición Número de inventario Total de préstamos Signatura topográfica completa Código de barras Fecha visto por última vez Precio válido a partir de Tipo de ítem Koha
      Patrimonio Dominicano Patrimonio Dominicano Patrimonio Dominicano Orden iniciada 17.08.2015 LF1   xxx xxx 46463-10 25.06.2020 25.06.2020 Libro y Folleto Colección Patrimonio Dominicano

Powered by Koha